| 000 | 00586nam a2200217 a 4500 | ||
|---|---|---|---|
| 001 | 0001-1989 | ||
| 003 | ELIB.Books | ||
| 008 | 190128 2010 eng | ||
| 020 | _a0781433622 | ||
| 092 | _a268 Yor | ||
| 100 | _aYorkey, Mike. | ||
| 245 | _aThe Christian Family | ||
| 260 |
_aColorado Springs _bCook Communication Ministers _c1996 |
||
| 300 |
_a452 _c20.5 cm |
||
| 650 | _aFamily- Religious Life | ||
| 856 |
_nKBTS Library _uKBTS Elib |
||
| 942 |
_2ddc _cBK |
||
| 990 | _a2 | ||
| 998 |
_aEnglishbooks.elf _ccat _e2019-01-28 _mcat _u2019-07-15 |
||
| 999 |
_c11989 _d11989 |
||